|
|
|
|
| LEADER |
01118nam a2200301 a 4500 |
| 001 |
4240793 |
| 008 |
120124t20101984enka b 001 0 eng |
| 010 |
|
|
|a 83005173
|
| 020 |
|
|
|a 0521255090
|
| 020 |
|
|
|a 0521287812 (pbk.)
|
| 020 |
|
|
|a 9781107400078
|
| 040 |
|
|
|a DLC
|c DLC
|d DLC
|d BD-DhAAL
|
| 050 |
0 |
0 |
|a LB1065
|b .U7 1984
|
| 082 |
0 |
0 |
|a 808.59/07
|2 22
|
| 100 |
1 |
|
|a Ur, Penny.
|
| 245 |
1 |
0 |
|a Teaching listening comprehension /
|c Penny Ur.
|
| 260 |
|
|
|a Cambridge ;
|a New York ;
|a New Delhi :
|b Cambridge University Press,
|c 2010.
|
| 300 |
|
|
|a x, 173 p. :
|b ill. ;
|c 24 cm.
|
| 490 |
0 |
|
|a Cambridge handbooks for language teachers
|
| 504 |
|
|
|a Includes bibliographical references (p. 169-172) and index.
|
| 541 |
|
|
|e 00024374
|
| 650 |
|
0 |
|a Listening
|x Study and teaching.
|
| 650 |
|
0 |
|a Attention.
|
| 650 |
|
0 |
|a Comprehension.
|
| 650 |
|
0 |
|a Listening comprehension.
|
| 852 |
1 |
|
|a Ayesha Abed Library
|c General shelf.
|
| 999 |
|
|
|c 11818
|d 11818
|
| 952 |
|
|
|0 0
|1 0
|2 ddc
|4 0
|6 808_590700000000000_URP
|7 0
|9 19271
|a BRACUL
|b BRACUL
|c GEN
|d 2012-01-23
|e karim International
|g 466.10
|l 0
|o 808.5907 URP
|p 3010024374
|r 2012-01-24
|t 1
|w 2012-01-24
|y BK
|